000
00267nam a2200097Ia 4500
001
792122
005
20250826170623.0
008
250824s9999 xx 000 0 und d
245
0
_a
SİZ GÜZELLİK SIRLARI
_c
MEHMET C. ÖZ, MICHAEL F. ROIZEN
260
_b
KORİDOR YAYINLARI
999
_c
792122
_d
792122